00862nam a2200193 a 450000100100000000500170001000800410002704000250006808200160009311101070010924501180021624600650033426000370039930000300043670000280046670000430049495201140053799900170065100002742220200930030825.0110331s1991 dr c 000 0 spa d aDO-SdBNPbspacBNPHU axxxxbM626a2 aCongreso Internacional de Programas de Microempresasn(2do.:d1991, ene. 17-19:cSanto Domingo)95449013aLa microempresa alternativa de desarrollo /cpresentación Carlos Pimentel, introducción Yesid Barrera Santos. aSegundo Congreso Internacional de Programas de Microempresas aSanto Domingo :bCENAPEC,c1991. a84 p. :bretrs. ;c27 cm.1 aPimentel, Carlos9544911 aBarrera Santos, Yesid,eintrod.954492 0010718PDaPDbPDcCTd2011-03-31iLF1l0oxxxx M626ap27422-10r2020-06-25w2020-06-25yLFPDZNo se presta c26914d26914